banner-ar

فى تاريخ المغرب الاسلامى : (Record no. 64671)

MARC details
000 -الفاتح
حقل البيانات ثابتة الطول 01006nam a22002297a 4500
005 - وقت وتاريخ اخر تعامل مع التسجيلة
رقم الضبط 20240530110744.0
008 - عناصر البيانات ثابتة الطول - معلومات عامة
حقل البيانات ثابتة الطول 181118s2018 ua g b 000 0 ara d
017 ## - رقم الايداع القانونى
رقم الايداع القانونى 2016/14558
المصدر ( الهيئة المختصة) مصر. دار الكتب
020 ## - الرقم الدولى المعيارى للكتب
الرقم الدولى المعيارى للكتاب 9789772122716
040 ## - مصدر الفهرسة
وكالة الفهرسة الأصلية EG-CaGPL
وكالة النسخ EG-CaGPL
082 04 - رقم تصنيف ديوى العشرى
رقم الطبعة 21
رقم التصنيف 953.0721 /
رقم المادة ش ف
100 0# - المدخل الرئيسى - إسم شخصى
الإسم الشخصى شاهندة سعيد منصور
245 10 - بيان العنوان
العنوان فى تاريخ المغرب الاسلامى :
بقية العنوان طنجة منذ الفتح العربى حتى نهاية عصر الموحدين : ( 86 - 668 هـ / 705 - 1269 م ) /
بيان المسئوليه,etc شاهندة سعيد منصور
260 ## - PUBLICATION, DISTRIBUTION, ETC. (IMPRINT)
تاريخ النشر أو التوزيع 2018.
300 ## - الوصف المادى
التعداد 388 ص. ؛
أبعاد الوعاء 24 سم.
504 ## - تبصرة ببليوجرافية
تبصرة ببليوجرافية,الخ يشتمل على ارجاعات ببليوجرافية
650 ## - المدخل الاضافى بالموضوع-مصطلح موضوعى
مصدر الرأس أو المصطلح qrmak
651 07 - المدخل الاضافى بالموضوع - اسم جغرافى
مصدر الرأس أو المصطلح qrmak
الاسم الجغرافي المغرب
التقسيم الفرعي العام تاريخ
التقسيم الفرعي الزمني العصر الاسلامى
651 07 - المدخل الاضافى بالموضوع - اسم جغرافى
مصدر الرأس أو المصطلح qrmak
الاسم الجغرافي طنجة
التقسيم الفرعي العام تاريخ
التقسيم الفرعي الزمني العصر الاسلامى
942 ## - عناصر المدخل الإضافي( كوها)
مصدر التصنيف او مخطط الترفيف Dewey Decimal Classification
Koha [default] item type كتاب
260 ## - PUBLICATION, DISTRIBUTION, ETC. (IMPRINT)
-- الاسكندرية :
-- مؤسسة شباب الجامعة ،
Holdings
حالة التراجع حالة الفقد حالة تلف ليس للاعارة المكان المؤقت الموقع الحالى موقع الترفيف تاريخ الاكتساب اجمالي اﻻعارات رقم الطلب الباركود تاريخ اخر مشاهدة تاريخ تفعيل السعر نوع وعاء كوها
        مكتبة القاهرة الكبرى مكتبة القاهرة الكبرى القاعة الرئيسية 11/18/2018   953.0721 / ش ف 165124 11/18/2018 11/18/2018 كتاب

Powered By

EGPV